<?xml version="1.0" encoding="UTF-8"?>
<marc:record xmlns:marc="http://www.loc.gov/MARC21/slim">
   <marc:leader>00000nam a2200000 a 4500</marc:leader>
   <marc:datafield ind1="1" ind2=" " tag="100">
      <marc:subfield code="a">Miller, Linda Lael</marc:subfield>
      <marc:subfield code="4">aut</marc:subfield>
      <marc:subfield code="e">Verfasser/-in</marc:subfield>
   </marc:datafield>
   <marc:datafield ind1="1" ind2=" " tag="100">
      <marc:subfield code="a">Sander, Ralph</marc:subfield>
      <marc:subfield code="4">trl</marc:subfield>
      <marc:subfield code="e">Übersetzer/-in</marc:subfield>
   </marc:datafield>
   <marc:datafield ind1="1" ind2=" " tag="100">
      <marc:subfield code="a">Miller, Linda Lael</marc:subfield>
   </marc:datafield>
   <marc:datafield ind1=" " ind2=" " tag="653">
      <marc:subfield code="a">Erzählende Literatur: Gegenwartsliteratur ab 1945</marc:subfield>
   </marc:datafield>
   <marc:datafield ind1="0" ind2="0" tag="245">
      <marc:subfield code="a">Big Sky Summer - Zeit der Entscheidung</marc:subfield>
   </marc:datafield>
   <marc:datafield ind1="0" ind2="0" tag="245">
      <marc:subfield code="b">Roman</marc:subfield>
   </marc:datafield>
   <marc:datafield ind1="0" ind2="0" tag="245">
      <marc:subfield code="c">Linda Lael Miller. Aus dem Amerikan. von Ralph Sander</marc:subfield>
   </marc:datafield>
   <marc:datafield ind1=" " ind2="1" tag="264">
      <marc:subfield code="a">Hamburg</marc:subfield>
      <marc:subfield code="b">Harlequin Enterprises</marc:subfield>
      <marc:subfield code="c">2014</marc:subfield>
   </marc:datafield>
   <marc:datafield ind1="1" ind2=" " tag="490">
      <marc:subfield code="a">Mira Taschenbuch</marc:subfield>
      <marc:subfield code="v">Bd. 25759</marc:subfield>
   </marc:datafield>
   <marc:datafield ind1=" " ind2=" " tag="250">
      <marc:subfield code="a">1. Aufl.</marc:subfield>
   </marc:datafield>
   <marc:datafield ind1="1" ind2=" " tag="520">
      <marc:subfield code="a">Angaben aus der Verlagsmeldung

Big Sky Summer - Zeit der Entscheidung / von Linda Lael Miller

Land unter weitem Himmel: Die Big-Sky-Serie geht weiter!

Einmal nicht aufgepasst – das hat Walker Parrish mindestens einmal eine Riesenüberraschung bereitet. Beziehungsweise zwei, und die sind nun im Teenageralter. Erst jetzt hat seine Jugendliebe Casey ihm eröffnet, dass er Vater ist. Damals verließ sie Parable, Montana, um Karriere als Countrysängerin zu machen. Doch plötzlich ist sie wieder zurück in Walkers Leben. Für den schweigsamen Cowboy mit der Angst vor großen Gefühlen wird es ein Sommer der Entscheidungen: Er und Casey müssen ihren Kindern endlich die Wahrheit sagen. Er und Casey, da ist noch immer so viel Leidenschaft. Er und Casey könnten vor einem Neuanfang stehen – oder vor einer Katastrophe …
</marc:subfield>
   </marc:datafield>
   <marc:datafield ind1=" " ind2=" " tag="020">
      <marc:subfield code="a">9783956490309</marc:subfield>
      <marc:subfield code="9">9783956490309</marc:subfield>
   </marc:datafield>
   <marc:datafield ind1=" " ind2=" " tag="020">
      <marc:subfield code="a">3956490304</marc:subfield>
      <marc:subfield code="9">3956490304</marc:subfield>
   </marc:datafield>
   <marc:datafield ind1=" " ind2=" " tag="041">
      <marc:subfield code="a">ger</marc:subfield>
   </marc:datafield>
   <marc:datafield ind1=" " ind2=" " tag="300">
      <marc:subfield code="a">300 S.</marc:subfield>
   </marc:datafield>
</marc:record>
